| 000 | 00822nam a2200205 i 4500 | ||
|---|---|---|---|
| 001 | 40900 | ||
| 003 | ES-MaACL | ||
| 005 | 20251002204010.0 | ||
| 007 | t| | ||
| 008 | 030307s1977 sp ||||1| spa d | ||
| 100 | 1 |
_aCarriazo y Arroquia, Juan de Mata. _935736 |
|
| 245 | 1 | 3 |
_aEl maestro Gómez-Moreno contado por el mismo _b: discurso leído el día 8 de mayo de 1977 en su recepción pública / _cpor Juan de Mata Carriazo y Arroquia ; contestación de Emilio García Gómez. |
| 260 |
_aSevilla : _b[s.n., _c1977] ( _fImp. del C.S.I.C.) |
||
| 300 |
_a89 p. ; _c23 cm. |
||
| 500 | _aPrecede al tít.: Real Academia de la Historia. | ||
| 700 | 1 |
_aGarcía Gómez, Emilio, _d1905-1995 _954690 |
|
| 710 | 2 |
_aReal Academia de la Historia (España) _96309 |
|
| 852 |
_aES-MaACL _jA-7579 _bR.95959 |
||
| 999 |
_c40900 _d40900 |
||